Timber frame (Record no. 83179)

MARC details
000 -LEADER
fixed length control field 00672cab a22002055a 4500
001 - CONTROL NUMBER
control field L153073
008 - FIXED-LENGTH DATA ELEMENTS--GENERAL INFORMATION
fixed length control field 110602s2011 xxk f s 000 0 eng d
035 ## - SYSTEM CONTROL NUMBER
System control number (Sirsi) u153073
041 0# - LANGUAGE CODE
Language code of text/sound track or separate title eng
100 2# - MAIN ENTRY--PERSONAL NAME
Personal name Kissock, John
245 00 - TITLE STATEMENT
Title Timber frame
Remainder of title engineering environmental solutions
260 ## - PUBLICATION, DISTRIBUTION, ETC.
Date of publication, distribution, etc. 2011
490 #0 - SERIES STATEMENT
Series statement Building Engineer
Volume/sequential designation 86(6) June 2011, 24(1)
520 ## - SUMMARY, ETC.
Summary, etc. Looks at the reasons for timber frame construction being the fastest growing method of construction in the UK.
590 ## - LOCAL NOTE (RLIN)
Local note KA
651 #4 - SUBJECT ADDED ENTRY--GEOGRAPHIC NAME
Geographic name United Kingdom
Chronological subdivision
690 ## - LOCAL SUBJECT ADDED ENTRY--TOPICAL TERM (OCLC, RLIN)
Topical term or geographic name as entry element BUILT ENVIRONMENT-BUILDING MATERIALS-TIMBER
690 ## - LOCAL SUBJECT ADDED ENTRY--TOPICAL TERM (OCLC, RLIN)
Topical term or geographic name as entry element BUILT ENVIRONMENT-SUSTAINABLE CONSTRUCTION
942 ## - ADDED ENTRY ELEMENTS (KOHA)
Suppress in OPAC 0
Holdings
Withdrawn status Lost status Source of classification or shelving scheme Damaged status Not for loan Home library Current library Shelving location Date acquired Total Checkouts Full call number Barcode Date last seen Copy number Price effective from Koha item type
    Dewey Decimal Classification     London London Journal article 02/06/2011   L153073 153073-1001 06/08/2019 1 06/08/2019 Journal article